Paku-Pakis Ubatan Di Semenanjung Malaysia bdul Aziz Bidin

Bibliographic Details
Main Author: Abdul Aziz Bidin
Format: Book
Published: Kuala Lumpur : DBP , 1987
Subjects:

MARC

LEADER 00000cam a2200000 7i4500
001 0000007116
002 000007658
005 20000330.0
020 |a T000000598 
090 0 0 |a 581   |b ABD 
100 0 |a Abdul Aziz Bidin 
245 1 0 |a Paku-Pakis Ubatan Di Semenanjung Malaysia bdul Aziz Bidin 
260 |a Kuala Lumpur :   |b DBP ,   |c 1987 
300 |a 67p. :   |b ill ;   |c 21cm. 
650 0 0 |a Botany-Malaysia   |x Botany,Medical-Malaysia 
999 |a 054554   |b BUKU   |c PINJAMAN   |e PERPUSTAKAAN KOMUNITI CAW KOTA DAMANSARA